| 000 | 00913cam a2200349 4500500 | ||
|---|---|---|---|
| 005 | 20260329005524.0 | ||
| 041 | _afre | ||
| 042 | _adc | ||
| 100 | 1 | 0 |
_aKlein, Étienne _eauthor |
| 245 | 0 | 0 | _aComment prendre la bonne décision ? |
| 260 | _c2024. | ||
| 500 | _a55 | ||
| 690 | _aBiais cognitif | ||
| 690 | _aBoxe | ||
| 690 | _aBruit | ||
| 690 | _aCalcul | ||
| 690 | _aCalcul moral | ||
| 690 | _aChance | ||
| 690 | _achangement | ||
| 690 | _aChoix | ||
| 690 | _aDécision | ||
| 690 | _aJuger | ||
| 690 | _aL. A. Paul | ||
| 690 | _aOlivier Sibony | ||
| 690 | _aOptimisation | ||
| 690 | _aPierre Zaoui | ||
| 690 | _aPragmatisme | ||
| 690 | _aSpinoza | ||
| 690 | _aTransformation | ||
| 786 | 0 | _nPhilosophie magazine | 176 | 1-2 | 2024-02-01 | p. 24-25 | 1951-1787 | |
| 856 | 4 | 1 | _uhttps://shs.cairn.info/magazine-philosophie-magazine-2024-2-page-24?lang=fr&redirect-ssocas=7080 |
| 999 |
_c1844204 _d1844204 |
||